| 000 | 01700nam a2200385 i 4500 | ||
|---|---|---|---|
| 003 | DO-SdBNP | ||
| 005 | 20241112085613.0 | ||
| 007 | ta | ||
| 008 | 220516e2021 dr d||fr|||| 001 0 spa d | ||
| 020 | _a9789945905168 | ||
| 040 |
_aDO-SdBNP _bspa _cBNPHU _erda |
||
| 041 | _aspa | ||
| 082 | 4 |
_a361.25097293 _bB173p _222 |
|
| 100 | 1 |
_aBalbuena, Aris _eautor _4aut. _980858 |
|
| 245 | 1 | 0 |
_aPolíticas sociales para la vida : _bresiliencia, bienestar y biopolítica democrática : proyecto resiliencia y género / _cAris Balbuena, Anselmo Muñiz, Jorge Ulloa. |
| 264 | 1 |
_aSanto Domingo : _bFundación Solidaridad, _bFundación Friedrich Ebert, _c2021. |
|
| 300 |
_a252 páginas : _bgráficas ; _c28 cm. |
||
| 336 |
_2rdacontent _atexto _btxt |
||
| 337 |
_2rdamedia _asin mediación _bn |
||
| 338 |
_2rdacarrier _avolumen _bnc |
||
| 500 | _aIncluye referencias bibliográficas y notas al pie de las páginas. | ||
| 500 | _aIncluye referencias bibliográficas al final de los capítulos. | ||
| 590 | _aInventariado 2022 / MF | ||
| 650 | 7 |
_932662 _aResilencia (Psicología) _2LEMB |
|
| 650 | 7 |
_917517 _aDemocracia _xAspectos sociales _yRepública Dominicana _2LEMB |
|
| 650 | 4 |
_92151 _aSeguridad social _zRepública Dominicana _2LEMB |
|
| 650 | 7 |
_aResiliencia _zRepública Dominicana _2LEMB _986786 |
|
| 650 | 4 |
_964470 _aCiudadanía _zRepública Dominicana |
|
| 700 | 1 |
_aMuñiz, Anselmo _eautor _4aut. _976221 |
|
| 700 | 1 |
_aUlloa, Jorge _eautor _4aut. _944133 |
|
| 710 | 2 |
_aInstituto de Investigación Social para el Desarrollo (Santo Domingo, República Dominicana) _981626 |
|
| 710 | 2 |
_aFundación Friedrich Ebert (FES) _981627 |
|
| 910 | _aMFeliz/Validado. Control de calidad MFF | ||
| 942 |
_2ddc _cLBS1 |
||
| 999 |
_c51733 _d51733 |
||